Aforismi sulla saggezza del vivere

সংরক্ষণ করুন:
গ্রন্থ-পঞ্জীর বিবরন
প্রধান লেখক: Schopenhauer, Arthur
বিন্যাস: গ্রন্থ
ভাষা:অজানা বা ভুল ভাষা
প্রকাশিত: Longanesi & C.
ট্যাগগুলো: ট্যাগ যুক্ত করুন
কোনো ট্যাগ নেই, প্রথমজন হিসাবে ট্যাগ করুন!

MARC

LEADER 00000nam a2200000Ia 4500
001 R-1419
003 CODICE-MESSINA
005 20260213115153.0
008 260211s9999 xx 000 0 und d
040 |c importazione_messina 
100 |a Schopenhauer, Arthur 
245 0 |a Aforismi sulla saggezza del vivere 
260 |b Longanesi & C. 
942 |2 ddc  |c BK 
952 |0 0  |1 0  |2 ddc  |4 0  |6 SCAFFALE_13_000000000000000__LETTERATURA  |7 0  |9 32255  |a ME  |b ME  |d 2026-02-11  |l 0  |o SCAFFALE 13 - LETTERATURA  |p R-1419  |r 2026-02-11 23:53:04  |w 2026-02-11  |x [REVISIONARE]  |y BK 
999 |c 27922  |d 27922